<?xml version="1.0" encoding="UTF-8"?>
<record
    xmlns:xsi="http://www.w3.org/2001/XMLSchema-instance"
    xsi:schemaLocation="http://www.loc.gov/MARC21/slim http://www.loc.gov/standards/marcxml/schema/MARC21slim.xsd"
    xmlns="http://www.loc.gov/MARC21/slim">

  <leader>02178    a2200217   4500</leader>
  <controlfield tag="001">54247</controlfield>
  <controlfield tag="005">20260407155813.0</controlfield>
  <controlfield tag="008">260407a1951    arg                 spa d</controlfield>
  <controlfield tag="003">AR-UNSa-BCEJYS</controlfield>
  <datafield tag="040" ind1=" " ind2=" ">
    <subfield code="a">AR-UNSa-BCEJYS</subfield>
    <subfield code="b">spa</subfield>
    <subfield code="c">AR-UNSa-BCEJYS</subfield>
  </datafield>
  <datafield tag="080" ind1=" " ind2=" ">
    <subfield code="a">330.8</subfield>
    <subfield code="x">Historia de las teor&#xED;as, Doctrinas, Dogmas econ&#xF3;micos (pensamiento econ&#xF3;mico)</subfield>
  </datafield>
  <datafield tag="245" ind1="1" ind2="0">
    <subfield code="a">Historia de las doctrinas econ&#xF3;micas</subfield>
  </datafield>
  <datafield tag="264" ind1=" " ind2="1">
    <subfield code="a">C&#xF3;rdoba :</subfield>
    <subfield code="b">Assandri</subfield>
    <subfield code="c">1951</subfield>
  </datafield>
  <datafield tag="300" ind1=" " ind2=" ">
    <subfield code="a">493 p.</subfield>
    <subfield code="c">23 cm.</subfield>
  </datafield>
  <datafield tag="505" ind1=" " ind2=" ">
    <subfield code="a">1. El pensamiento econ&#xF3;mico de los antiguos - 2. El Medio-Evo - 3. Renacimiento, Maquiavelo - 4. El mercantilismo - 5. Los aritm&#xE9;ticos pol&#xED;ticos Cameralismo - 6. cantillon - 7. Fisi&#xF3;cratas - 8. La escuela cl&#xE1;sica inglesa (A. Smith) - 9. La escuela cl&#xE1;sica inglesa (malthus) - 10. La escuela cl&#xE1;sica inglesa (Ricardo) - 11. La escuela cl&#xE1;sica inglesa (Disc&#xED;pulos de Ricardo) - 12. La escuela cl&#xE1;sica francesa (Say, Bastiat) - 13. Cr&#xED;ticas a la doctrina cl&#xE1;sica (Sismondi)- 14. Los socialistas ut&#xF3;picos (Saint-simon) - 15.  Los socialistas ut&#xF3;picos (Fourier,Owen, Blanc) - 16.  Los socialistas ut&#xF3;picos (Proudhon) - 17. El socialismo cient&#xED;fico - 18. El socialismo cient&#xED;fico (Disc&#xED;pulos de Marx) - 19. Los economistas italianos del siglo XVIII (La Escuela Napolitana) - 20. Los economistas italianos del siglo XVIII (Economistas italianos de escuelas diversas) - 21. La escuela del nacionalismo econ&#xF3;mico - 22. La escuela hist&#xF3;rica - 23. La escuela marginalista - 24. Los economistas italianos del siglo XIX - 25. Maffeo Pantaleoni - 26. La escuela del equilibrio econ&#xF3;mico - 27. Las doctrinas econ&#xF3;micas en Estados Unidos(Diferentes tendencias) - 28. Las doctrinas econ&#xF3;micas en Estados Unidos( Los institucionalistas norte-americanos) - 29. Las modernas tendencias europeas(La escuela inglesa) - 30. Las modernas tendencias europeas(Las escuelas alemana y escandinava) - 31. Las modernas tendencias europeas(Las escuelas francesa y rusa) - 32. Las modernas tendencias europeas(La escuela italiana)</subfield>
  </datafield>
  <datafield tag="942" ind1=" " ind2=" ">
    <subfield code="c">BK</subfield>
  </datafield>
  <datafield tag="590" ind1=" " ind2=" ">
    <subfield code="a">niveau_biblio:m niveau_hierar:0</subfield>
  </datafield>
  <datafield tag="100" ind1="1" ind2=" ">
    <subfield code="a">Griziotti Kretschmann, Jenny</subfield>
  </datafield>
  <datafield tag="700" ind1="1" ind2=" ">
    <subfield code="a">Fierro, Irma F. de</subfield>
  </datafield>
  <datafield tag="700" ind1="1" ind2=" ">
    <subfield code="a">Jarach, Dino</subfield>
  </datafield>
  <datafield tag="999" ind1=" " ind2=" ">
    <subfield code="c">5418</subfield>
    <subfield code="d">5418</subfield>
  </datafield>
  <datafield tag="952" ind1=" " ind2=" ">
    <subfield code="0">0</subfield>
    <subfield code="1">0</subfield>
    <subfield code="4">0</subfield>
    <subfield code="7">0</subfield>
    <subfield code="a">BCEJYS</subfield>
    <subfield code="b">BCEJYS</subfield>
    <subfield code="c">16</subfield>
    <subfield code="d">2026-04-07</subfield>
    <subfield code="l">0</subfield>
    <subfield code="o">330.8 G846</subfield>
    <subfield code="p">L20678</subfield>
    <subfield code="r">2026-04-07 15:58:13</subfield>
    <subfield code="w">2026-04-07</subfield>
    <subfield code="y">L</subfield>
  </datafield>
</record>
